Normal view
MARC view
- Bhartendu, Vatsya .
Entry Personal Name
001 - CONTROL NUMBER
- control field: 1553
003 - CONTROL NUMBER IDENTIFIER
- control field: OSt
005 - DATE AND TIME OF LATEST TRANSACTION
- control field: 20160927104626.0
008 - FIXED-LENGTH DATA ELEMENTS
- fixed length control field: 160927|| aca||aabn | a|a d
040 ## - CATALOGING SOURCE
- Original cataloging agency: OSt
- Transcribing agency: OSt
100 ## - HEADING--PERSONAL NAME
- Personal name: Bhartendu, Vatsya .
670 ## - SOURCE DATA FOUND
- Source citation: Work cat.: (OSt)1417: Srivastava, H C. 1552, Oilseed Production : Constraints and Opportunities / , 1985.
